Bandeiras da Copa do Mundo da FIFA 2026 - Statistics

Estatísticas Gerais
  • Esse quiz foi jogado 146 vezes
  • A pontuação média é 38 de 42
Estatísticas das Respostas
Imagem Resposta % Correto
Estados Unidos
99%
Argentina
98%
Coreia do Sul
98%
França
97%
Uruguai
97%
Brasil
96%
Canadá
96%
Japão
96%
Austrália
95%
Equador
95%
Irão
95%
México
95%
Nova Zelândia
95%
Tunísia
95%
Suíça
94%
Bélgica
93%
Espanha
93%
Marrocos
93%
Portugal
93%
África do Sul
92%
Alemanha
92%
Argélia
92%
Colômbia
92%
Países Baixos
92%
Panamá
92%
Catar
91%
Croácia
91%
Egito
91%
Inglaterra
91%
Arábia Saudita
90%
Costa do Marfim
90%
Gana
90%
Noruega
90%
Paraguai
90%
Senegal
89%
Áustria
88%
Escócia
87%
Uzbequistão
85%
Haiti
84%
Cabo Verde
83%
Jordânia
83%
Curaçau
50%
Nenhum quiz correspondente encontrado
Distribuição das Pontuações
Porcentagem de Pessoas com Cada Pontuação
Percentil de Números Respondidos
Sua Pontuação Histórica
Você não jogou esse quiz